000 01254njm a22002897a 4500
005 20100915110634.0
006 a|||||r|||||00| 0
007 sd ammalaaahaa
008 100910t xxu||||| |||| 00| 0 eng d
028 _a7EPE 7354
_bHis Master's Voice
035 _aGR-02729
040 _aSED
_cSED
100 _aSushil Kumar
_919365
245 _aUranchhoo /
_csung by Sushil Kumar ; Music by Salil Chaudhaury ; Lyrics by Shivender Sinha
_h[sound recording] :
246 _aउरंच्हू /
260 _aDum Dum, India
_bHis Master's Voice
_c1977
300 _a1 sound disc [Gramophone Recording] :
_banalog, 33 1/3 rpm ;
_c7.5 in. (SP)
_fGramaphone Records
500 _aBrief records
500 _aRecord Lables : His Master's Voice, Red
505 _aSide-1 रेल चले रेल चले (Rail Chale Rail Chale) (Sunil Kumar),--Side-2 चार कलंदर एक मुछंदर (Char Kalander Ek Muchnder) (Sudesh Maharajan)
600 _aSushil Kumar
_919611
650 _2Excerpts.
_aClassical Music
_bIndia
_919366
700 _aChaudhaury, Salil
_920123
700 _a Sinha, Shivender
_920124
942 _2ddc
_cGR
999 _c45850
_d45850